000 00662nam a22002057a 4500
003 OSt
005 20251215070251.0
008 251215b |||||||| |||| 00| 0 eng d
020 _a0-323-00883-6.
040 _aDWCL-Main lib
_cOC
082 _23rd ed.
_aCirc. 618.92 J13p 2000
100 _aJackson, Patricia L.
245 _aPrimary care of the child with a chronic condition
_cJackson, Patricia L.
260 _aSt. Louis :
_bMosby, Inc.,
_cc2000.
300 _axvi, 876 pages :
_billustration ;
_c24 cm.
650 _21. Children-Diseases.
650 _22. Infants-Diseases.
700 _aVessey, Judith A.
942 _2ddc
_cBK-CIRC
_e3rd edition
_kCirc.
_n0
999 _c7083
_d7083